| 000 | 00488nam a22001817a 4500 | ||
|---|---|---|---|
| 003 | CEME | ||
| 005 | 20210628210132.0 | ||
| 008 | 210215b xxu||||| |||| 00| 0 eng d | ||
| 020 | _a81-7635-313-2 | ||
| 040 | _c. | ||
| 082 | _a005.3 ULR | ||
| 100 |
_aUlrich, Laurie _977607 |
||
| 245 | _aSams teach yourself microsoft office 2000 in 21 days | ||
| 260 |
_aNEW DELHI _bTECHMEDIA _c1999 |
||
| 300 | _aXV,668P | ||
| 650 |
_aMICROSOFT OFFICE 2000 MS OFFICE 2000 _978244 |
||
| 942 |
_cBK _2ddc |
||
| 999 |
_c583395 _d583395 |
||